000 00383nam a2200145Ia 4500
008 210210b1964 xxu||||| |||| 00| 0 eng d
082 _a324.2734 MCDB
100 _aMcDOWELL (Edwin).
245 _aBarry Goldwater: portrait of an Arizonan.
260 _aChicago
_bHenry Regnery Company
_c1964
300 _a269
650 _aBarry Goldwater
690 _aBiography
906 _a040757
999 _c90738
_d90738